000 00460nam a2200205Ia 4500
001 12752
003 GE_BSU
008 181216s||||||||xx |||||||||||||| ||und||
020 _a9780006496465
040 _cGE_BSU
080 _a821.111-32
100 _aArcher, Jeffrey
245 4 _aThe Eleventh Commandment
260 _aLondon
260 _bHarper Collins
260 _c1998
300 _a370p.18cm.
653 _aThe Eleventh Commandment
942 _cBK
999 _c45923
_d45923